The rise of religious education among Negro Baptists ; a historical case study /

Bibliographic Details
Main Author: Tyms, James Daniel
Format: Book
Language:English
Published: New York : Exposition Press, [1966]
Edition:[1st ed.].
Series:An Exposition-University book
Subjects:

MARC

Tag First Indicator Second Indicator Subfields
LEADER 00000cam a2200000 4500
001 in00000039610
005 20151007081843.0
008 750107s1966 eng u
010 |a  66001120  
035 |a (OCoLC)01132500 
035 |9 AAF7011AM 
040 |c DAY  |d TXA  |d UtOrBLW 
049 |a TXAM  |c [476011] 
050 0 0 |a BX6450  |b .T93 
082 0 |a 268.86133 
092 |a 268.86133  |b T986r 
100 1 |a Tyms, James Daniel. 
245 1 4 |a The rise of religious education among Negro Baptists ;  |b a historical case study /  |c by James D. Tyms. 
250 |a [1st ed.]. 
264 1 |a New York :  |b Exposition Press,  |c [1966] 
264 4 |c [©1965] 
300 |a xiv, 408 pages ;  |c 21 cm. 
336 |a text  |b txt  |2 rdacontent 
337 |a unmediated  |b n  |2 rdamedia 
338 |a volume  |b nc  |2 rdacarrier 
490 0 |a An Exposition-University book 
504 |a Bibliography: pages [397]-403. 
650 0 |a African American Baptists  |x Education. 
999 |a MARS 
999 f f |s 02dfc37d-9db0-3c97-a41b-9b517798c6ae  |i 7c0b3bb1-cf9b-36fd-bc77-681c5d00c115  |t 0 
952 f f |p ric  |a Texas A&M University  |b Rellis Campus  |c Joint Library Facility  |d Remote Storage  |t 0  |e BX6450 .T93  |h Library of Congress classification  |i unmediated -- volume  |m A14800617236 
998 f f |a BX6450 .T93  |t 0  |l Remote Storage